MS DOS. Vrecková príručka pre IBM-PC a kompatibilné počítače
Guardado en:
| Formato: | Libro |
|---|---|
| Lenguaje: | eslovaco |
| Publicado: |
Bratislava :
INCA-Informačná a konzultačná agentúra,
1990
|
| Etiquetas: |
Sin Etiquetas, Sea el primero en etiquetar este registro!
|
MARC
| LEADER | 00000nam a22000003a 4500 | ||
|---|---|---|---|
| 001 | stu282 | ||
| 005 | 20150408175102.9 | ||
| 008 | 910504s1990----cs------------------slo-d | ||
| 040 | |a STU |b slo | ||
| 041 | 0 | |a slo | |
| 044 | |a cs | ||
| 080 | |a 681.32.066 | ||
| 080 | |a MS DOS | ||
| 080 | |a 519.68 | ||
| 245 | |a MS DOS. Vrecková príručka pre IBM-PC a kompatibilné počítače | ||
| 260 | |a Bratislava : |b INCA-Informačná a konzultačná agentúra, |c 1990 | ||
| 300 | |a 64 s | ||
| 996 | |b E74512 |c E*74512 |l EE03 |s P |a 0 |w stu282_0001 | ||
| 996 | |b E74513 |c E*74513 |l EE03 |s P |a 0 |w stu282_0002 | ||
| 996 | |b E74516 |c E*74516 |l EE03 |s P |a 0 |w stu282_0003 | ||